Análisis de la gestión informática Banco de Finanzas
Se basa en realizar como primera etapa, el análisis de la Gestión Administrativa del Banco de Finanzas, haciendo énfasis específicamente en el Análisis de la Gestión Administrativa del Departamento de Informática del mismo. Una vez concluida la primera etapa, los conceptos y datos del estudio...
| Main Author: | |
|---|---|
| Other Authors: | |
| Format: | Tesis Section = Libro |
| Language: | Undetermined Spanish |
| Published: |
Managua
UNI
1998
|
| Subjects: |
| LEADER | 01312nam a2200229Ia 4500 | ||
|---|---|---|---|
| 008 | 240830s9999 xx 000 0 und d | ||
| 040 | |a BIBLIOTECA-RUSB/ T.Mon 020 V369 | ||
| 041 | |a spa | ||
| 082 | |a T.Mon 020 V369 | ||
| 100 | 1 | |a Vaughan Tejada, Victoria | |
| 245 | 1 | 0 | |a Análisis de la gestión informática Banco de Finanzas |
| 260 | |a Managua |b UNI |c 1998 | ||
| 300 | |a 97 p. :il. | ||
| 500 | |a Contiene: anexos. | ||
| 502 | |a Tesis (Ingeniero en Computación) - UNI, 1998. | ||
| 520 | 3 | |a Se basa en realizar como primera etapa, el análisis de la Gestión Administrativa del Banco de Finanzas, haciendo énfasis específicamente en el Análisis de la Gestión Administrativa del Departamento de Informática del mismo. Una vez concluida la primera etapa, los conceptos y datos del estudio recopilados se utilizan para sustentar y soportar la siguiente etapa, que consiste en el desarrollo de la auditoría realizada únicamente al departamento de informática. Condesa gestión informática, auditoria de sistemas de información, plan para la implementación de los resultados de la auditoria. | |
| 650 | 7 | |a INFORMATICA-BANCO DE FINANZAS | |
| 650 | 7 | |b AUDITORIA-SISTEMAS DE INFORMACION BDF | |
| 700 | 1 | |a Tutor: |b Quintana Bonilla, Marisela | |
| 942 | |c BK |2 ddc | ||
| 991 | |a TESIS | ||
| 999 | |c 21638 | ||